Normal view
MARC view
Entry Personal Name
001 - CONTROL NUMBER
- control field: 9157
003 - CONTROL NUMBER IDENTIFIER
- control field: BD-RjUL
005 - DATE AND TIME OF LATEST TRANSACTION
- control field: 20230924135028.0
008 - FIXED-LENGTH DATA ELEMENTS
- fixed length control field: 230924|| aca||aabn | a|a d
040 ## - CATALOGING SOURCE
- Original cataloging agency: BD-RjUL
- Transcribing agency: BD-RjUL
100 ## - HEADING--PERSONAL NAME
- Personal name: Ali, Md. Azhar, Supervisors
670 ## - SOURCE DATA FOUND
- Source citation: Work cat.: (BD-RjUL)81976: ROUF, MD. ABDUR 9154, The effect of sulfuric acid, persulfate and acetic anhydride on the preparation of chlorine dioxide from chlorite solution /, 2013